| 000 | 00442nam a2200169Ia 4500 | ||
|---|---|---|---|
| 008 | 240729s9999 xx 000 0 und d | ||
| 022 | _a1312-773X | ||
| 245 | 0 | _aJournal of IMAB | |
| 260 | _aBulgaria | ||
| 260 | _bPeytchinski Publishing | ||
| 650 | _a Dentistry | Medicine | ||
| 650 | _a Medicine (General) | ||
| 650 | _aMedicine | ||
| 856 | _uhttps://doaj.org/toc/2de2366419f449cd8f78b8e766c260cb | ||
| 942 | _2ddc | ||
| 942 | _cDOAJEJ | ||
| 999 |
_c66247 _d66247 |
||
| 945 |
_a1 _bMadushi Gamage _c1 _dMadushi Gamage |
||